Statistiques concernant Les talents des Pokémons de la 4ème génération

Cliquez ici pour prendre le quiz!

Statistiques générales

  • Ce quiz a été pris 35 fois
  • Le résultat moyen est 192 sur 327

Statistiques - réponses

TalentPokémonRéponse% Correct
Talent 1BlizzaroiAlerte Neige
100%
Talent 1BlizziAlerte Neige
100%
Talent 1OuisticramBrasier
100%
Talent 1SimiabrazBrasier
100%
Talent 1ChimpenfeuBrasier
100%
Talent 1TortipoussEngrais
100%
Talent 1BoskaraEngrais
100%
Talent 1TorterraEngrais
100%
Talent 1ÉtourvolIntimidation
100%
Talent 1LuxrayIntimidation
100%
Talent 1LuxioIntimidation
100%
Talent 1LixyIntimidation
100%
Talent 1ÉtouraptorIntimidation
100%
Talent 1DimoretPression
100%
Talent 1ApireinePression
100%
Talent 1DialgaPression
100%
Talent 1PalkiaPression
100%
Talent 1SpiritombPression
100%
Talent 1Giratina (A)Pression
100%
Talent 1NoctunoirPression
100%
Talent 1PingoléonTorrent
100%
Talent 1PrinploufTorrent
100%
Talent 1TiploufTorrent
100%
Talent 2MagnézoneFermeté
94%
Talent 1ManzaïFermeté
94%
Talent 1DinoclierFermeté
94%
Talent 1BastiodonFermeté
94%
Talent 1TarinormeFermeté
94%
Talent 1Giratina (O)Lévitation
94%
Talent 1CréfolletLévitation
94%
Talent 1CréhelfLévitation
94%
Talent 1MotismaLévitation
94%
Talent 1ArchéomireLévitation
94%
Talent 1CréfadetLévitation
94%
Talent 1ArchéodongLévitation
94%
Talent 1VortenteLévitation
94%
Talent 1CresseliaLévitation
94%
Talent 1KorillonLévitation
94%
Talent 1MagirêveLévitation
94%
Talent 2ScorvolVoile Sable
94%
Talent 1GriknotVoile Sable
94%
Talent 1CarmacheVoile Sable
94%
Talent 1CarchacrokVoile Sable
94%
Talent 1RegigigasDébut Calme
89%
Talent 2RoseradePoint Poison
89%
Talent 2RozboutonPoint Poison
89%
Talent 1HeatranTorche
89%
Talent 1CeribouChlorophylle
83%
Talent cachéPhyllaliChlorophylle
83%
Talent 1BouldeneuChlorophylle
83%
Talent cachéHeatranCorps Ardent
83%
Talent 1MaganonCorps Ardent
83%
Talent 2TritosorLavabo
83%
Talent 1ÉcayonLavabo
83%
Talent 2SancokiLavabo
83%
Talent 2LuminéonLavabo
83%
Talent 1DarkraiMauvais Rêve
83%
Talent 2BabimantaAbsorbe-Eau
78%
Talent 2MoufflairBoom Final
78%
Talent 2MoufouetteBoom Final
78%
Talent 1GrodriveBoom Final
78%
Talent 1BaudriveBoom Final
78%
Talent 2ÉcayonGlissade
78%
Talent 1LuminéonGlissade
78%
Talent 1BabimantaGlissade
78%
Talent 1MustéflottGlissade
78%
Talent 1MustébouéeGlissade
78%
Talent 2TarinormeMagnépiège
78%
Talent 1MagnézoneMagnépiège
78%
Talent 1YanmegaTurbo
78%
Talent 1MélokrikEssaim
72%
Talent 1PapilordEssaim
72%
Talent 1ArceusMultitype
72%
Talent cachéScorvolSoin Poison
72%
Talent 2ManzaïTête de Roc
72%
Talent 2GoinfrexIsograisse
67%
Talent cachéMammochonIsograisse
67%
Talent 1ChaffreuxIsograisse
67%
Talent cachéCarchacrokPeau Dure
67%
Talent cachéCarmachePeau Dure
67%
Talent cachéGriknotPeau Dure
67%
Talent 1HippodocusSable Volant
67%
Talent 1HippopotasSable Volant
67%
Talent 1CastornoSimple
67%
Talent 1KeunotorSimple
67%
Talent 1LucarioAttention
61%
Talent 1RioluAttention
61%
Talent 1PhioneHydratation
61%
Talent 1ManaphyHydratation
61%
Talent 2CradopaudPeau Sèche
61%
Talent 2CoatoxPeau Sèche
61%
Talent cachéOuisticramPoing de Fer
61%
Talent cachéChimpenfeuPoing de Fer
61%
Talent cachéSimiabrazPoing de Fer
61%
Talent 2CapidextreRamassage
61%
Talent 2PachirisuRamassage
61%
Talent 1GoinfrexRamassage
61%
Talent 1Shaymin (C)Sérénité
61%
Talent 1TogekissSérénité
61%
Talent 2PtiraviSérénité
61%
Talent 2HippopotasX
61%
Talent 2HippodocusX
61%
Talent cachéShaymin (T)X
61%
Talent 2MomartikX
61%
Talent 2CarchacrokX
61%
Talent 2PhioneX
61%
Talent 2CarmacheX
61%
Talent cachéPhioneX
61%
Talent 2SpiritombX
61%
Talent 2ManaphyX
61%
Talent 2ArceusX
61%
Talent 2TortipoussX
61%
Talent 2CréfolletX
61%
Talent cachéManaphyX
61%
Talent cachéCréfolletX
61%
Talent 2GriknotX
61%
Talent 2CresseliaX
61%
Talent cachéCresseliaX
61%
Talent 2DimoretX
61%
Talent 2PalkiaX
61%
Talent cachéDarkraiX
61%
Talent 2HeatranX
61%
Talent 2GivraliX
61%
Talent 2RegigigasX
61%
Talent 2PhyllaliX
61%
Talent cachéRegigigasX
61%
Talent 2MaganonX
61%
Talent 2ÉlekableX
61%
Talent 2Giratina (A)X
61%
Talent 2Shaymin (T)X
61%
Talent 2MotismaX
61%
Talent 2Shaymin (C)X
61%
Talent 2VortenteX
61%
Talent cachéMotismaX
61%
Talent 2BlizzaroiX
61%
Talent cachéShaymin (C)X
61%
Talent 2BlizziX
61%
Talent cachéCréfadetX
61%
Talent 2DialgaX
61%
Talent 2Giratina (O)X
61%
Talent 2CréhelfX
61%
Talent cachéGiratina (O)X
61%
Talent cachéCréhelfX
61%
Talent 2NoctunoirX
61%
Talent 2DarkraiX
61%
Talent cachéVortenteX
61%
Talent 2CréfadetX
61%
Talent cachéArceusX
61%
Talent 2CeriflorX
61%
Talent cachéMagirêveX
61%
Talent 2CharkosX
61%
Talent 2DinoclierX
61%
Talent 2BastiodonX
61%
Talent 2ChenitiX
61%
Talent 2CheniselleX
61%
Talent 2PapilordX
61%
Talent 2MagirêveX
61%
Talent 2MélokrikX
61%
Talent 2ApitriniX
61%
Talent 2ApireineX
61%
Talent 2MustébouéeX
61%
Talent 2MustéflottX
61%
Talent 2CeribouX
61%
Talent cachéCeribouX
61%
Talent cachéCeriflorX
61%
Talent 2KranidosX
61%
Talent 2KorillonX
61%
Talent 2PrinploufX
61%
Talent 2BoskaraX
61%
Talent 2TorterraX
61%
Talent 2OuisticramX
61%
Talent 2ChimpenfeuX
61%
Talent 2SimiabrazX
61%
Talent 2TiploufX
61%
Talent 2PingoléonX
61%
Talent 2ÉtourmiX
61%
Talent 2ÉtourvolX
61%
Talent 2ÉtouraptorX
61%
Talent 2CrikzikX
61%
Talent cachéKorillonX
61%
Talent cachéPachirisuAbsorbe-Volt
56%
Talent 1MammochonBenêt
56%
Talent 1CoudlangueBenêt
56%
Talent cachéPijakoCœur de Coq
56%
Talent 2ArchéodongIgnifugé
56%
Talent 2ArchéomireIgnifugé
56%
Talent 1LockpinJoli Sourire
56%
Talent 1ÉlekableMotorisé
56%
Talent 1RhinastocParatonnerre
56%
Talent cachéChaglamRegard Vif
56%
Talent 1PijakoRegard Vif
56%
Talent 1ÉtourmiRegard Vif
56%
Talent cachéRapionRegard Vif
56%
Talent cachéMoufflairRegard Vif
56%
Talent cachéDrascoreRegard Vif
56%
Talent cachéMoufouetteRegard Vif
56%
Talent cachéBouldeneuRégé-Force
56%
Talent cachéKranidosSans Limite
56%
Talent cachéCharkosSans Limite
56%
Talent cachéCradopaudToxitouche
56%
Talent cachéCoatoxToxitouche
56%
Talent 1Porygon-ZAdaptabilité
50%
Talent cachéPingoléonBattant
50%
Talent cachéPrinploufBattant
50%
Talent cachéTiploufBattant
50%
Talent 1CharkosBrise Moule
50%
Talent 1KranidosBrise Moule
50%
Talent cachéBoskaraCoque Armure
50%
Talent cachéTortipoussCoque Armure
50%
Talent cachéTorterraCoque Armure
50%
Talent cachéGivraliCorps Gel
50%
Talent 1ScorvolHyper Cutter
50%
Talent cachéKeunotorLunatique
50%
Talent cachéCastornoLunatique
50%
Talent 1MoufouettePuanteur
50%
Talent 1MoufflairPuanteur
50%
Talent 1GivraliRideau Neige
50%
Talent 2MammochonRideau Neige
50%
Talent 1MomartikRideau Neige
50%
Talent 2Porygon-ZTélécharge
50%
Talent cachéChaffreuxAcharné
44%
Talent 2TogekissAgitation
44%
Talent cachéApitriniAgitation
44%
Talent cachéMagnézoneAnalyste
44%
Talent cachéPorygon-ZAnalyste
44%
Talent cachéBlizzaroiAnti-Bruit
44%
Talent cachéBlizziAnti-Bruit
44%
Talent 1Mime Jr.Anti-Bruit
44%
Talent cachéBastiodonAnti-Bruit
44%
Talent cachéDinoclierAnti-Bruit
44%
Talent cachéGallameCœur Noble
44%
Talent cachéLucarioCœur Noble
44%
Talent cachéMomartikCorps Maudit
44%
Talent 2GrodriveDélestage
44%
Talent 2BaudriveDélestage
44%
Talent 1CeriflorDon Floral
44%
Talent cachéRioluFarceur
44%
Talent cachéTarinormeForce Sable
44%
Talent cachéHippopotasForce Sable
44%
Talent cachéSancokiForce Sable
44%
Talent cachéHippodocusForce Sable
44%
Talent cachéTritosorForce Sable
44%
Talent 1SancokiGlu
44%
Talent 1TritosorGlu
44%
Talent 2RioluImpassible
44%
Talent 1GallameImpassible
44%
Talent 2LucarioImpassible
44%
Talent cachéPapilordLentiteintée
44%
Talent 2YanmegaLentiteintée
44%
Talent cachéDimoretPickpocket
44%
Talent cachéGrodriveRage Brûlure
44%
Talent cachéBaudriveRage Brûlure
44%
Talent 2LuxrayRivalité
44%
Talent 2LixyRivalité
44%
Talent 2LuxioRivalité
44%
Talent 2RhinastocSolide Roc
44%
Talent 1CapidextreTechnicien
44%
Talent cachéMélokrikTechnicien
44%
Talent cachéMime Jr.Technicien
44%
Talent cachéRoseradeTechnicien
44%
Talent cachéÉtourvolTéméraire
44%
Talent cachéÉtouraptorTéméraire
44%
Talent cachéRhinastocTéméraire
44%
Talent cachéÉtourmiTéméraire
44%
Talent cachéApireineTension
44%
Talent 1DrascoreArmurbaston
39%
Talent 1RapionArmurbaston
39%
Talent cachéTogekissChanceux
39%
Talent 2CorbossChanceux
39%
Talent 1ApitriniCherche Miel
39%
Talent cachéCrikzikFuite
39%
Talent 1LaporeilleFuite
39%
Talent 1PachirisuFuite
39%
Talent cachéCorbossImpudence
39%
Talent 2GallameIncisif
39%
Talent 1CorbossInsomnia
39%
Talent 2CoudlangueTempo Perso
39%
Talent 2ChaffreuxTempo Perso
39%
Talent 2ChaglamTempo Perso
39%
Talent cachéLixyCran
33%
Talent cachéLuxioCran
33%
Talent cachéLuxrayCran
33%
Talent 1ChaglamEchauffement
33%
Talent cachéLockpinEchauffement
33%
Talent cachéLaporeilleEchauffement
33%
Talent cachéChenitiEnvelocape
33%
Talent cachéCheniselleEnvelocape
33%
Talent 1PhyllaliFeuille Garde
33%
Talent 2BouldeneuFeuille Garde
33%
Talent cachéRozboutonFeuille Garde
33%
Talent cachéGoinfrexGloutonnerie
33%
Talent 1RozboutonMédic Nature
33%
Talent 1RoseradeMédic Nature
33%
Talent 1Shaymin (T)Médic Nature
33%
Talent 1PtiraviMédic Nature
33%
Talent cachéDialgaTélépathe
33%
Talent cachéPalkiaTélépathe
33%
Talent cachéGiratina (A)Télépathe
33%
Talent cachéÉlekableEsprit Vital
28%
Talent cachéMaganonEsprit Vital
28%
Talent cachéArchéodongHeavy Metal
28%
Talent cachéArchéomireHeavy Metal
28%
Talent cachéÉcayonIgnifu-Voile
28%
Talent cachéLuminéonIgnifu-Voile
28%
Talent cachéMustébouéeIgnifu-Voile
28%
Talent cachéMustéflottIgnifu-Voile
28%
Talent cachéBabimantaIgnifu-Voile
28%
Talent 2CastornoInconscient
28%
Talent 2KeunotorInconscient
28%
Talent cachéSpiritombInfiltration
28%
Talent 2LaporeilleMaladresse
28%
Talent 2LockpinMaladresse
28%
Talent 1CrikzikMue
28%
Talent 1ChenitiMue
28%
Talent cachéCapidextreMulti-Coups
28%
Talent 2PijakoPieds Confus
28%
Talent 2DrascoreSniper
28%
Talent 2RapionSniper
28%
Talent 1CheniselleAnticipation
22%
Talent 1CoatoxAnticipation
22%
Talent 1CradopaudAnticipation
22%
Talent 2Mime Jr.Filtre
22%
Talent cachéNoctunoirFouille
22%
Talent cachéYanmegaFouille
22%
Talent cachéManzaïPhobique
17%
Talent cachéCoudlangueCiel Gris
11%
Talent cachéPtiraviGarde-Ami
11%

Distribution des résultats

Percentile par nombre de réponses

% des personnes avec chaque résultat

Votre développement - résultats

Vous n’avez pas pris ce quiz